| 000 | 00932nam a22002655a 4500 | ||
|---|---|---|---|
| 005 | 20161120115759.0 | ||
| 008 | 161017s2014 enka frb 001 0 eng d | ||
| 020 | _a9781848217683 | ||
| 040 |
_aEG-ScBUE _beng _cEG-ScBUE _dEG-ScBUE |
||
| 082 | 0 | 4 |
_222 _a005.56 _bREC |
| 245 | 0 | 0 |
_aRecommender systems / _cedited by Gérald Kembellec, Ghislaine Chartron, Imad Saleh. |
| 260 |
_aLondon : _bISTE ; _aHoboken : _bJohn Wiley & Sons, _c2014. |
||
| 300 |
_axvi, 232 p. : _bill. ; _c24 cm. |
||
| 500 | _aIndex : p. [231]-232. | ||
| 504 | _aIncludes bibliographical references. | ||
| 650 | 7 |
_2BUEsh _aRecommender systems (Information filtering) |
|
| 650 | 7 |
_aPersonal communication service systems. _2BUEsh |
|
| 651 | _2BUEsh | ||
| 653 |
_bCOMAME _cOctober2016 |
||
| 653 |
_bCOMSCI _cNovember2016 |
||
| 700 | 1 |
_aKembellec, Gérald, _eeditor. |
|
| 700 | 1 |
_aChartron, Ghislaine, _eeditor. |
|
| 700 | 1 |
_aSaleh, Imad, _eeditor. |
|
| 942 | _2ddc | ||
| 999 |
_c22636 _d22608 |
||